| 000 | 01824ncm0a2200385 4500 | ||
|---|---|---|---|
| 001 | RU\NLR\ONIZ\211223 | ||
| 005 | 20250624195403.0 | ||
| 013 | _a979-0-706363-35-6 | ||
| 021 |
_aRU _b10-523н _910-44н |
||
| 035 | _aRU\NLR\ONIZ\Таня\5000001591\20150413111355 | ||
| 035 | _a(NLR Aleph) 010890818 | ||
| 071 | 2 | 0 | _a101 |
| 090 |
_a10552326 _c10552326 |
||
| 100 | _a20150413d2010 |||y0rusy50 ca | ||
| 101 | 0 | _arus | |
| 102 | _aRU | ||
| 125 | _azx | ||
| 145 | 0 | _ab | |
| 200 | 1 |
_aФортепиано. 5 класс _bНоты _eучеб. пособие _fсост. Б. Е. Милич |
|
| 210 |
_aМосква _cКифара _d2010 |
||
| 215 |
_a[124] с. _cпортр. _d29 см |
||
| 225 | 1 | _aДМШ | |
| 313 | _aСистематизация документа проведена по изданию - Методика классифицирования музыкальных произведений (нотных изданий) по таблицам Библиотечно-библиографических классификаций : метод. рекомендации / Гос. б-ка СССР им. В.И. Ленина.- М., 1977. Индексу ББК методических рекомендаций присваивается код ББК для научных библиотек - LBC/SL | ||
| 686 |
_aЩ954.29(2Ук) _vLBC/SL _2rubbk |
||
| 700 | 1 |
_9z01790 _aМилич _bБ. Е. _f1904-1991 _gБорис Евсеевич _4220 |
|
| 790 | 1 |
_9z01700 _aMilich _bB. E. _f1904-1991 _gBoris Evseevich _4220 |
|
| 801 | 0 |
_aRU _bNLR _c20150413 _gPSBO |
|
| 801 | 1 |
_aRU _bNLR _c20150413 _2rusmarc |
|
| 801 | 2 |
_aRU _bNLR _c20190630 |
|
| 852 |
_aNLR _bМ _j3/11309 _pМОЭ 2010-44н/523н _t1 |
||
| 852 |
_aNLR _bМ _j3/11309а _pМОЭ 2010-44н/523на _t2 |
||
| 942 | _cSCORE | ||
| 980 | _aNB | ||
| 980 | _aONIZ | ||